Nueva guía de descarriados /
El título hace referencia a la obra del filósofo Maimónides, y trata en tono humorístico de las virtudes de la buena comida, el vino y las mujeres, dedicando una sección a las regiones españolas.
Uloženo v:
| Hlavní autor: | |
|---|---|
| Médium: | Kniha |
| Jazyk: | španělština |
| Vydáno: |
México :
Joaquín Mortiz,
1977, c1977
|
| Témata: | |
| Tagy: |
Žádné tagy, Buďte první, kdo vytvoří štítek k tomuto záznamu!
|
MARC
| LEADER | 00000nam^a2200000^a^4500 | ||
|---|---|---|---|
| 001 | 000359648 | ||
| 005 | 20250521000000.0 | ||
| 009 | 20260310115402.957 | ||
| 037 | |a Acervo ITESO - Biblioteca | ||
| 041 | |a ESP | ||
| 082 | |a 641. 50946 |b FUE | ||
| 100 | |a Fuentes Mares, José |e (autor) | ||
| 240 | 1 | 1 | |a [Nueva guía de descarriados] |
| 245 | 1 | 0 | |a Nueva guía de descarriados / |c J. Fuentes Mares. |
| 264 | 4 | |a México : |b Joaquín Mortiz, |c 1977, c1977 | |
| 300 | |a 208 p. | ||
| 336 | |a texto |b txt |2 rdacontenido | ||
| 337 | |a sin mediación |b n |2 rdamedio | ||
| 338 | |a volumen |b nc |2 rdasoporte | ||
| 520 | |a El título hace referencia a la obra del filósofo Maimónides, y trata en tono humorístico de las virtudes de la buena comida, el vino y las mujeres, dedicando una sección a las regiones españolas. | ||
| 561 | |a Ex libris de Ignacio Díaz Morales | ||
| 649 | |a XX | ||
| 650 | |a Filósofos Griegos | ||
| 650 | |a Mujeres | ||
| 650 | |a Humor | ||
| 650 | |a Vinos | ||
| 650 | |a Alimentos y Bebidas | ||
| 650 | |a Cocina Española - |x Tema Principal | ||
| 650 | |a Gastronomía | ||
| 600 | |a Maimónides | ||
| 910 | |a Fondo Ignacio Díaz Morales | ||
| 920 | |a Impresos - Libros | ||
| 930 | |a Arquitectos Jaliscienses | ||
| 905 | |a 114 | ||
| 901 | |a 0500252813 |b IT1 |c JAL |i D67914 |u 20250521 | ||
| 902 | |a https://opac.biblio.iteso.mx/vufind/Record/000359648 | ||